<?xml version="1.0" encoding="UTF-8"?>
<record
    xmlns:xsi="http://www.w3.org/2001/XMLSchema-instance"
    xsi:schemaLocation="http://www.loc.gov/MARC21/slim http://www.loc.gov/standards/marcxml/schema/MARC21slim.xsd"
    xmlns="http://www.loc.gov/MARC21/slim">

  <leader>00598cam a22001692 b4500</leader>
  <datafield tag="020" ind1=" " ind2=" ">
    <subfield code="a">0821340336 (Trade Paper)</subfield>
  </datafield>
  <datafield tag="020" ind1=" " ind2=" ">
    <subfield code="a">9780821340332</subfield>
  </datafield>
  <datafield tag="082" ind1="0" ind2="0">
    <subfield code="a">363.738/7/095</subfield>
    <subfield code="b">CLE</subfield>
    <subfield code="c">D</subfield>
  </datafield>
  <datafield tag="100" ind1="1" ind2=" ">
    <subfield code="a">Walsh, Michael</subfield>
    <subfield code="9">38145</subfield>
  </datafield>
  <datafield tag="245" ind1="1" ind2="0">
    <subfield code="a">Clean Fuels for Asia</subfield>
    <subfield code="b">Technical Options for Moving Toward Unleaded Gasoline and Low-Sulfur Diesel</subfield>
  </datafield>
  <datafield tag="260" ind1=" " ind2=" ">
    <subfield code="a">Washington : </subfield>
    <subfield code="b">World Bank Publications</subfield>
    <subfield code="c">Sept. 1997</subfield>
  </datafield>
  <datafield tag="520" ind1="8" ind2=" ">
    <subfield code="a">Annotation</subfield>
  </datafield>
  <datafield tag="526" ind1=" " ind2=" ">
    <subfield code="a">0</subfield>
    <subfield code="b">0</subfield>
    <subfield code="c">0</subfield>
    <subfield code="d">363_738709500000000_CLE</subfield>
  </datafield>
  <datafield tag="700" ind1="1" ind2=" ">
    <subfield code="a">Shah, Jitendra J.</subfield>
    <subfield code="9">38146</subfield>
  </datafield>
  <datafield tag="856" ind1="4" ind2="0">
    <subfield code="u">http://www.columbia.edu/cgi-bin/cul/resolve?clio7973443</subfield>
  </datafield>
  <datafield tag="942" ind1=" " ind2=" ">
    <subfield code="2">ddc</subfield>
    <subfield code="c">BK</subfield>
  </datafield>
  <datafield tag="999" ind1=" " ind2=" ">
    <subfield code="c">542800</subfield>
    <subfield code="d">542800</subfield>
  </datafield>
  <datafield tag="952" ind1=" " ind2=" ">
    <subfield code="0">0</subfield>
    <subfield code="1">0</subfield>
    <subfield code="2">ddc</subfield>
    <subfield code="4">0</subfield>
    <subfield code="7">0</subfield>
    <subfield code="a">MCE</subfield>
    <subfield code="b">MCE</subfield>
    <subfield code="d">2014-02-18</subfield>
    <subfield code="l">0</subfield>
    <subfield code="o">363.738/7/095 CLE</subfield>
    <subfield code="p">MCE-42695</subfield>
    <subfield code="r">2014-02-18</subfield>
    <subfield code="w">2014-02-18</subfield>
    <subfield code="y">BK</subfield>
  </datafield>
</record>
